000 00914na a2200265 4500
001 15525
003 MIRAKIL
005 20181213154741.0
008 161018b tu 000 0
035 _a15525
040 _aMilas
_btur
_cTR-AnCHP
041 _atur
082 _a956.102
_bT96 1973
090 _a956.102 T96 1973
110 _aTürk Kültürünü Araştırma Enstitüsü
245 _aCumhuriyetin 50.yılına armağan
_cyayına hazırlayan Türk Kültürünü Araştırma Enstitüsü
246 _aArmağan kitap
260 _aAnkara
_bTürk Kültürünü Araştırma Enstitüsü Yayınları
_c1973
300 _a238 s.
_c24 sm.
490 _aTürk Kültürünü Araştırma Enstitüsü yayınları
_v41 Seri: 1-Sayı: A3
650 _aTürk tarihi
_xCumhuriyet Dönemi
650 _aCumhuriyet, 50 Yıl
_xArmağan kitaplar
651 _aTürkiye
_xTarih
_yArmağan kitaplar
942 _2ddc
_cBKS
999 _c266
_d266